000 00719nam a2200289Ia 4500
005 20260324112631.0
008 008 260324s9999 xx 000 0 eng d
020 _a9781003372660
037 _aEBOOK
040 _aCRL
040 _beng
040 _cCRL
041 _2eng
041 _aeng
084 _qCRL
100 _aStephen Ashurst; Kevin Wooldridge
_91143511
245 0 _aTechnology Applied
245 2 _bA Business Leader's Guide to Software, Systems and IT Projects
260 _bTaylor and Francis
260 _c2024
365 _a
365 _b205
856 _uhttp://www.taylorfrancis.com/books/9781003372660
942 _cEBOOK
999 _c1732788
_d1732788